La Ilustración del profesorado hispano-americano-colonial / director: Sebastián Rodríguez y Martín Sebastián Rodríguez y Martín
Descripción Física:
il. ; 44 cm
Otros Autores:
Rodríguez y Martín, Sebastián, dir
Materias:
Professors -- Revistes
MARC
| LEADER | 00000nam a2200000Ia 4500 | ||
|---|---|---|---|
| 001 | |||
| 008 | 160829s1891 xx 000 0 cat d | ||
| 008 | 160829s9999 xx 000 0 cat d | ||
| 080 | |a Revistes | ||
| 245 | |a La Ilustración del profesorado hispano-americano-colonial / director: |b Sebastián Rodríguez y Martín | ||
| 260 | |a Madrid : |b Campuzano, |c 1891 | ||
| 300 | |a il. ; |c 44 cm | ||
| 362 | |a Año 3, n. 1 (1 enero 1891)- | ||
| 590 | |a Periodicitat desconeguda. | ||
| 590 | |a Descripció basada en: Núm. 4 (gen. 1891). | ||
| 590 | |a Prové de 1843, exp. 18. | ||
| 590 | |a Continuació de: El porvenir del magisterio | ||
| 650 | |a Professors |x Revistes |9 46818 | ||
| 700 | |a Rodríguez y Martín, Sebastián, dir. |9 46819 | ||
| 866 | |a Any 3, 1891 (4) | ||
| 901 | |a Arxiu | ||
| 942 | |n 1 | ||
| 952 | |0 0 |1 0 |4 0 |6 REVISTES |7 1 |9 53471 |a Arxiu |b Arxiu |d 2016-12-01 |l 0 |o Revistes |r 2016-12-01 00:00:00 |w 2016-12-01 |y ARXIU | ||
| 999 | |c 57337 |d 57337 | ||